000
00256nam a22001097a 4500
082
_a
954.91 WIL'S
100
_a
WILLIAMS, L. F RUSHBROOK
_9
57721
245
_a
THE STATE OF PAKISTAN
260
_a
LONDON
_b
FABER & FABER
_c
1962
300
_a
254P
942
_c
BK
999
_c
567992
_d
567992